Civil War Battles - Statistics

General Stats
  • This quiz has been taken 36 times
  • The average score is 14 of 46
Answer Stats
Answer % Correct
Gettysburg
100%
Antietam
84%
Fredericksburg
84%
Vicksburg
81%
Shiloh
78%
Chancellorsville
72%
Fort Sumter
72%
Wilderness
66%
First Bull Run
63%
Chickamauga
59%
Second Bull Run
56%
Cold Harbor
44%
Appomattox Court House
38%
Nashville
38%
Pea Ridge
38%
Fort Donelson
34%
Crater
31%
Mobile Bay
31%
Perryville
31%
Bentonville
28%
Stones River
28%
Franklin
25%
Wilson's Creek
25%
Corinth
22%
Gaines' Mill
19%
Glorieta Pass
19%
Malvern Hill
19%
Mansfield
19%
Missionary Ridge
19%
Port Hudson
19%
Five Forks
16%
Lookout Mountain
13%
Champion Hill
9%
Jonesborough
9%
Second Petersburg
9%
Cedar Creek
6%
First Winchester
6%
Spotslyvania
6%
Fort Blakeley
3%
Forts Jackson and St. Philip
3%
Fort Stedman
3%
Island Number Ten
3%
Opequon
3%
Second Fort Fisher
3%
Third Petersburg
3%
Westport
3%
No matching quizzes found
Score Distribution
Percent of People with Each Score
Percentile by Number Answered
Your Score History
You have not taken this quiz